Statystyki dla jaka to postać z gry lub anime

Kliknij tutaj aby rozwiązać quiz!

Ogólne statystyki

  • Ten quiz został rozwiązany 686 razy
  • Średni wynik to 7 z 11

Statystyki odpowiedzi

HintOdpowiedź% Poprawnych
postać którą się gra w minecraftSteve
93%
odpowiedź to shrekshrek
91%
brat marioLuigi
89%
główny bohater gry god of warKratos
81%
główna postać z tomb riderLara Croft
78%
główna postać z Gta San AndreasCJ
69%
główna postać z wiedźmina 3Geralt z Rivii
57%
anime demon slayer : postać z głową dzikaInosuke
57%
główny bohater pokemonówAsh Ketchum
55%
najsilniejszy pokemonmewtwo
47%
postać którą się gra w undertaleKris
7%

Rozkład punktacji

Percentyl według liczby udzielonych odpowiedzi

Procent ludzi z każdym wynikiem

Twoja historia wyników

Nie rozwiązałeś tego quizu